000 00241 a2200097 4500
001 5998
100 _aZbar, P B
245 _aResidue arithmetic and its application to computer technology
260 _a
_bMcGraw-Hill
_c
090 _c4903
_d4903
942 _aNUST-CAE
_cM
_c31271
999 _c241071
_d241071